[Event "15th Bangkok Chess Club Open Blitz 2015"]
[Site "Dusit Thani, Pattaya"]
[Date "2015.04.15"]
[Round "8.5"]
[White "Barbosa, Oliver"]
[Black "Bartel, Michal"]
[Result "*"]
[BlackElo "2381"]
[WhiteElo "2610"]
[LiveChessVersion "1.4.5"]

1. d4 {[%clk 0:03:02]} Nf6 {[%clk 0:03:04]} 2. Bg5 {[%clk 0:03:01]} c5
{[%clk 0:03:05]} 3. d5 {[%clk 0:03:00]} Qb6 {[%clk 0:03:02]} 4. Nc3
{[%clk 0:03:00]} Qxb2 {[%clk 0:03:03]} 5. Bd2 {[%clk 0:03:01]} Qb6
{[%clk 0:03:04]} 6. e4 {[%clk 0:03:01]} e5 {[%clk 0:03:05]} 7. f4
{[%clk 0:03:01]} d6 {[%clk 0:03:05]} 8. Nf3 {[%clk 0:03:01]} Bg4 {[%clk 0:03:04]}
9. Rb1 {[%clk 0:02:58]} Qc7 {[%clk 0:03:04]} 10. fxe5 {[%clk 0:02:38]} dxe5
{[%clk 0:03:05]} 11. Bc4 {[%clk 0:02:29]} a6 {[%clk 0:02:58]} 12. a4
{[%clk 0:02:28]} Nbd7 {[%clk 0:02:56]} 13. O-O {[%clk 0:02:27]} Bd6
{[%clk 0:02:46]} 14. Qe1 {[%clk 0:02:28]} Bxf3 {[%clk 0:02:47]} 15. Rxf3
{[%clk 0:02:28]} O-O {[%clk 0:02:40]} 16. Qh4 {[%clk 0:02:29]} Rab8
{[%clk 0:02:35]} 17. g4 {[%clk 0:02:23]} b5 {[%clk 0:01:38]} 18. axb5
{[%clk 0:02:22]} axb5 {[%clk 0:01:39]} 19. Nxb5 {[%clk 0:02:14]} Rxb5
{[%clk 0:01:41]} 20. Rxb5 {[%clk 0:02:09]} Nxe4 {[%clk 0:01:40]} 21. Bd3
{[%clk 0:02:01]} f5 {[%clk 0:01:19]} 22. Bxe4 {[%clk 0:01:56]} fxe4
{[%clk 0:01:20]} 23. Rxf8+ {[%clk 0:01:56]} Nxf8 {[%clk 0:01:09]} 24. g5
{[%clk 0:01:48]} Qd7 {[%clk 0:01:02]} 25. Rb1 {[%clk 0:01:41]} Qa4
{[%clk 0:01:01]} 26. Re1 {[%clk 0:01:29]} Qxc2 {[%clk 0:00:58]} 27. Ba5
{[%clk 0:01:25]} e3 {[%clk 0:00:22]} 28. Rxe3 {[%clk 0:01:21]} c4
{[%clk 0:00:23]} 29. Qe4 {[%clk 0:01:09]} Qd1+ {[%clk 0:00:18]} 30. Re1
{[%clk 0:01:07]} Qh5 {[%clk 0:00:16]} 31. Bd2 {[%clk 0:01:07]} Bc5+
{[%clk 0:00:17]} 32. Kg2 {[%clk 0:01:07]} c3 {[%clk 0:00:17]} 33. Bxc3
{[%clk 0:01:05]} Qxg5+ {[%clk 0:00:18]} 34. Kh1 {[%clk 0:01:05]} Ng6
{[%clk 0:00:09]} 35. d6 {[%clk 0:01:05]} Ba3 {[%clk 0:00:03]} 36. Qa8+
{[%clk 0:01:00]} Kf7 {[%clk 0:00:04]} 37. Qxa3 {[%clk 0:00:53]} Nf4
{[%clk 0:00:06]} 38. Qa7+ {[%clk 0:00:53]} Kg6 {[%clk 0:00:07]} 39. Qb7
{[%clk 0:00:53]} Nh3 {[%clk 0:00:06]} 40. Qg2 {[%clk 0:00:50]} *

[Event "15th Bangkok Chess Club Open Blitz 2015"]
[Site "Dusit Thani, Pattaya"]
[Date "2015.04.15"]
[Round "8.6"]
[White "Alahakoon, Isuru"]
[Black "Biag, Ivan Gil"]
[Result "*"]
[BlackElo "2328"]
[WhiteElo "2152"]
[LiveChessVersion "1.4.5"]

1. Nf3 {[%clk 0:03:02]} Nf6 {[%clk 0:03:02]} 2. g3 {[%clk 0:03:02]} d5
{[%clk 0:03:02]} 3. Bg2 c6 4. O-O {[%clk 0:03:02]} Bf5 {[%clk 0:03:02]} 5. d3
{[%clk 0:03:02]} e6 {[%clk 0:03:02]} 6. Nbd2 {[%clk 0:03:02]} h6 {[%clk 0:03:02]}
7. Re1 {[%clk 0:03:02]} Be7 {[%clk 0:03:02]} 8. e4 {[%clk 0:03:02]} dxe4
{[%clk 0:03:02]} 9. dxe4 {[%clk 0:03:02]} Nxe4 {[%clk 0:03:02]} 10. Qe2
{[%clk 0:02:51]} Nxd2 {[%clk 0:02:51]} 11. Bxd2 {[%clk 0:02:52]} Nd7
{[%clk 0:02:47]} 12. Bc3 {[%clk 0:02:51]} O-O {[%clk 0:02:35]} 13. Rad1
{[%clk 0:02:52]} Qc7 {[%clk 0:02:21]} 14. Nd4 {[%clk 0:02:52]} Bf6
{[%clk 0:02:07]} 15. Nxf5 {[%clk 0:02:45]} exf5 {[%clk 0:02:07]} 16. Qd3
{[%clk 0:02:16]} Bxc3 {[%clk 0:01:56]} 17. bxc3 {[%clk 0:02:15]} Nf6
{[%clk 0:01:54]} 18. Qxf5 {[%clk 0:02:13]} Rfe8 {[%clk 0:01:52]} 19. g4
{[%clk 0:02:06]} Rxe1+ {[%clk 0:01:35]} 20. Rxe1 {[%clk 0:02:06]} Re8
{[%clk 0:01:34]} 21. Rd1 {[%clk 0:02:02]} Qe5 {[%clk 0:01:23]} 22. Qxe5
{[%clk 0:01:17]} Rxe5 {[%clk 0:01:24]} 23. h3 {[%clk 0:01:06]} h5
{[%clk 0:01:12]} 24. f4 {[%clk 0:00:59]} Rc5 {[%clk 0:01:06]} 25. g5
{[%clk 0:01:00]} Nd5 {[%clk 0:00:59]} 26. Bxd5 {[%clk 0:00:51]} cxd5
{[%clk 0:01:00]} 27. Rd3 {[%clk 0:00:49]} Kf8 {[%clk 0:01:01]} 28. Kf2
{[%clk 0:00:48]} Ke7 {[%clk 0:01:02]} 29. Ke3 {[%clk 0:00:45]} Ke6
{[%clk 0:01:02]} 30. Kd2 {[%clk 0:00:29]} Kf5 {[%clk 0:00:47]} 31. Rd4
{[%clk 0:00:26]} Ra5 {[%clk 0:00:42]} 32. a4 {[%clk 0:00:27]} b6 {[%clk 0:00:27]}
33. Ke3 {[%clk 0:00:25]} Rc5 {[%clk 0:00:28]} 34. Kd3 {[%clk 0:00:26]} f6
{[%clk 0:00:29]} 35. gxf6 {[%clk 0:00:25]} gxf6 {[%clk 0:00:30]} 36. Ke3
{[%clk 0:00:26]} h4 {[%clk 0:00:30]} 37. Kd3 {[%clk 0:00:26]} Rc7
{[%clk 0:00:17]} 38. Kd2 {[%clk 0:00:12]} Rg7 {[%clk 0:00:09]} 39. Rxd5+
{[%clk 0:00:09]} Kxf4 {[%clk 0:00:10]} 40. Rd4+ {[%clk 0:00:08]} Kg3
{[%clk 0:00:10]} 41. Rd3+ {[%clk 0:00:09]} Kh2 {[%clk 0:00:11]} 42. Rf3
{[%clk 0:00:09]} Rg2+ {[%clk 0:00:08]} 43. Kd1 {[%clk 0:00:03]} Rg3
{[%clk 0:00:08]} 44. Rxf6 {[%clk 0:00:04]} Kxh3 {[%clk 0:00:07]} 45. Kd2
{[%clk 0:00:05]} Kg2 {[%clk 0:00:08]} 46. c4 {[%clk 0:00:04]} h3 {[%clk 0:00:08]}
*

[Event "15th Bangkok Chess Club Open Blitz 2015"]
[Site "Dusit Thani, Pattaya"]
[Date "2015.04.15"]
[Round "9.1"]
[White "Dimakiling, Oliver"]
[Black "Barbosa, Oliver"]
[Result "*"]
[BlackElo "2610"]
[WhiteElo "2422"]
[LiveChessVersion "1.4.5"]

1. c4 {[%clk 0:03:02]} e6 {[%clk 0:03:02]} 2. Nc3 {[%clk 0:03:01]} d5
{[%clk 0:03:02]} 3. Nf3 {[%clk 0:03:01]} Nf6 {[%clk 0:03:02]} 4. d4
{[%clk 0:03:01]} Be7 {[%clk 0:02:54]} 5. e3 {[%clk 0:02:56]} Nbd7
{[%clk 0:02:48]} 6. Bd2 {[%clk 0:02:51]} a6 {[%clk 0:02:46]} 7. c5
{[%clk 0:02:50]} O-O {[%clk 0:02:32]} 8. Bd3 {[%clk 0:02:50]} c6 {[%clk 0:02:26]}
9. b4 {[%clk 0:02:48]} Qc7 {[%clk 0:02:23]} 10. O-O {[%clk 0:02:40]} Re8
{[%clk 0:02:15]} 11. Qc2 {[%clk 0:02:35]} e5 {[%clk 0:02:04]} 12. e4
{[%clk 0:02:31]} exd4 {[%clk 0:01:58]} 13. Nxd4 {[%clk 0:02:27]} dxe4
{[%clk 0:01:45]} 14. Nxe4 {[%clk 0:02:27]} Nxe4 {[%clk 0:01:38]} 15. Bxe4
{[%clk 0:02:27]} Nf6 {[%clk 0:01:39]} 16. Bf5 {[%clk 0:02:25]} g6
{[%clk 0:01:28]} 17. Bxc8 {[%clk 0:02:23]} Raxc8 {[%clk 0:01:28]} 18. h3
{[%clk 0:02:16]} Bf8 {[%clk 0:01:14]} 19. Rad1 {[%clk 0:02:15]} Rcd8
{[%clk 0:01:11]} 20. Nb3 {[%clk 0:02:08]} Nd5 {[%clk 0:01:08]} 21. a3
{[%clk 0:02:06]} Bg7 {[%clk 0:00:51]} 22. Na5 {[%clk 0:02:06]} Re2
{[%clk 0:00:42]} 23. Qc4 {[%clk 0:02:01]} Rde8 {[%clk 0:00:39]} 24. Rfe1
{[%clk 0:01:54]} Rxe1+ {[%clk 0:00:39]} 25. Rxe1 {[%clk 0:01:53]} Rxe1+
{[%clk 0:00:39]} 26. Bxe1 {[%clk 0:01:54]} Qe7 {[%clk 0:00:37]} 27. Bd2
{[%clk 0:01:54]} Be5 {[%clk 0:00:36]} 28. g3 {[%clk 0:01:54]} h5 {[%clk 0:00:35]}
29. h4 {[%clk 0:01:55]} Bb2 {[%clk 0:00:32]} 30. a4 {[%clk 0:01:54]} Qe5
{[%clk 0:00:25]} 31. Nxb7 {[%clk 0:01:49]} Bd4 {[%clk 0:00:25]} 32. Kf1
{[%clk 0:01:47]} Qf6 {[%clk 0:00:22]} 33. Qe2 {[%clk 0:01:46]} Qf5
{[%clk 0:00:18]} 34. Kg2 {[%clk 0:01:44]} Nf6 {[%clk 0:00:16]} 35. Nd6
{[%clk 0:01:39]} Qd5+ {[%clk 0:00:17]} 36. Qf3 {[%clk 0:01:39]} Qa2
{[%clk 0:00:17]} 37. Be3 {[%clk 0:01:37]} Bxe3 {[%clk 0:00:08]} 38. Qxf6
{[%clk 0:01:36]} Qd5+ {[%clk 0:00:07]} 39. Qf3 {[%clk 0:01:33]} Qxf3+
{[%clk 0:00:08]} 40. Kxf3 {[%clk 0:01:33]} Bd2 {[%clk 0:00:09]} 41. b5
{[%clk 0:01:34]} axb5 {[%clk 0:00:08]} 42. axb5 {[%clk 0:01:35]} cxb5
{[%clk 0:00:09]} 43. c6 {[%clk 0:01:34]} Ba5 {[%clk 0:00:09]} 44. Nxb5
{[%clk 0:01:35]} *

[Event "15th Bangkok Chess Club Open Blitz 2015"]
[Site "Dusit Thani, Pattaya"]
[Date "2015.04.15"]
[Round "9.2"]
[White "Ravi, Teja S."]
[Black "Socko, Bartosz"]
[Result "*"]
[BlackElo "2623"]
[WhiteElo "2368"]
[LiveChessVersion "1.4.5"]

1. d4 {[%clk 0:03:02]} Nf6 {[%clk 0:03:03]} 2. c4 {[%clk 0:03:03]} e6
{[%clk 0:03:03]} 3. Nc3 {[%clk 0:03:04]} Bb4 {[%clk 0:03:04]} 4. Qc2
{[%clk 0:03:05]} O-O {[%clk 0:03:03]} 5. a3 {[%clk 0:03:06]} Bxc3+
{[%clk 0:03:04]} 6. Qxc3 {[%clk 0:03:07]} d6 {[%clk 0:03:05]} 7. Nf3
{[%clk 0:03:07]} b6 {[%clk 0:03:05]} 8. g3 {[%clk 0:03:08]} Bb7 {[%clk 0:03:06]}
9. Bg2 {[%clk 0:03:09]} Nbd7 {[%clk 0:03:06]} 10. O-O {[%clk 0:03:08]} Qe7
{[%clk 0:03:07]} 11. b4 {[%clk 0:03:09]} Ne4 12. Qc2 f5 {[%clk 0:03:08]} 13. Ng5
{[%clk 0:02:49]} Ndf6 {[%clk 0:02:56]} 14. Rd1 {[%clk 0:02:29]} c5
{[%clk 0:02:46]} 15. bxc5 {[%clk 0:02:24]} bxc5 {[%clk 0:02:47]} 16. d5
{[%clk 0:02:10]} exd5 {[%clk 0:02:36]} 17. cxd5 {[%clk 0:02:11]} Nxg5
{[%clk 0:02:22]} 18. Bxg5 {[%clk 0:02:12]} Rae8 {[%clk 0:02:21]} 19. Bf3
{[%clk 0:02:09]} h6 {[%clk 0:02:18]} 20. Bxf6 {[%clk 0:01:52]} Qxf6
{[%clk 0:02:10]} 21. Rab1 {[%clk 0:01:53]} Re7 {[%clk 0:02:07]} 22. e3
{[%clk 0:01:54]} g5 {[%clk 0:01:59]} 23. Rb3 {[%clk 0:01:38]} f4 {[%clk 0:01:54]}
24. exf4 {[%clk 0:01:32]} gxf4 {[%clk 0:01:55]} 25. Bg4 {[%clk 0:01:30]} fxg3
{[%clk 0:01:44]} 26. hxg3 {[%clk 0:01:30]} Ba6 {[%clk 0:01:30]} 27. Rf3
{[%clk 0:01:23]} Qg5 {[%clk 0:01:21]} 28. Be6+ {[%clk 0:01:24]} Kg7
{[%clk 0:01:20]} 29. Rxf8 {[%clk 0:01:19]} Kxf8 {[%clk 0:01:21]} 30. Qb2
{[%clk 0:01:19]} Qe5 {[%clk 0:00:39]} 31. Qb8+ {[%clk 0:01:18]} Kg7
{[%clk 0:00:40]} 32. Qg8+ {[%clk 0:01:18]} Kf6 {[%clk 0:00:41]} 33. Qf8+
{[%clk 0:01:19]} *

[Event "15th Bangkok Chess Club Open Blitz 2015"]
[Site "Dusit Thani, Pattaya"]
[Date "2015.04.15"]
[Round "9.3"]
[White "Causo, Deniel"]
[Black "Laylo, Darwin"]
[Result "*"]
[BlackElo "2465"]
[WhiteElo "2401"]
[LiveChessVersion "1.4.5"]

1. d4 {[%clk 0:03:03]} c5 {[%clk 0:03:03]} 2. c3 {[%clk 0:03:02]} Nf6
{[%clk 0:03:02]} 3. Nf3 {[%clk 0:03:02]} b6 {[%clk 0:03:03]} 4. Bf4
{[%clk 0:03:03]} Bb7 {[%clk 0:03:04]} 5. e3 {[%clk 0:03:04]} e6 {[%clk 0:03:04]}
6. h3 {[%clk 0:03:01]} Be7 {[%clk 0:03:04]} 7. Nbd2 {[%clk 0:03:02]} O-O
{[%clk 0:03:03]} 8. Bd3 {[%clk 0:03:03]} d6 {[%clk 0:03:02]} 9. O-O
{[%clk 0:03:04]} Nbd7 {[%clk 0:03:00]} 10. Qe2 {[%clk 0:03:04]} Rc8
{[%clk 0:02:58]} 11. a3 {[%clk 0:03:03]} Rc7 {[%clk 0:02:57]} 12. Rfe1
{[%clk 0:03:04]} Qa8 {[%clk 0:02:56]} 13. e4 {[%clk 0:03:03]} Rcc8
{[%clk 0:02:47]} 14. Rad1 {[%clk 0:02:58]} Rfe8 {[%clk 0:02:47]} 15. Bb1
{[%clk 0:02:42]} Bf8 {[%clk 0:02:40]} 16. Bh2 {[%clk 0:02:05]} g6
{[%clk 0:02:19]} 17. Nf1 {[%clk 0:01:31]} e5 {[%clk 0:02:07]} 18. dxe5
{[%clk 0:01:30]} dxe5 {[%clk 0:02:00]} 19. N1d2 {[%clk 0:01:23]} Bc6
{[%clk 0:01:32]} 20. Bd3 {[%clk 0:01:22]} Rcd8 {[%clk 0:01:24]} 21. Bb5
{[%clk 0:01:20]} h6 {[%clk 0:01:14]} 22. Bxc6 {[%clk 0:01:18]} Qxc6
{[%clk 0:01:14]} 23. Nc4 {[%clk 0:01:08]} Qc7 {[%clk 0:00:50]} 24. Qc2
{[%clk 0:01:04]} b5 {[%clk 0:00:42]} 25. Ne3 {[%clk 0:01:04]} Bg7
{[%clk 0:00:34]} 26. Nd5 {[%clk 0:01:02]} Nxd5 {[%clk 0:00:29]} 27. Rxd5
{[%clk 0:01:01]} Nb8 {[%clk 0:03:02]} *

[Event "15th Bangkok Chess Club Open Blitz 2015"]
[Site "Dusit Thani, Pattaya"]
[Date "2015.04.15"]
[Round "9.4"]
[White "Grafil, Franz Robert"]
[Black "Hemant, Sharma"]
[Result "*"]
[BlackElo "2325"]
[WhiteElo "2156"]
[LiveChessVersion "1.4.5"]

1. d4 {[%clk 0:03:03]} d5 {[%clk 0:03:03]} 2. c4 {[%clk 0:03:04]} e6
{[%clk 0:03:04]} 3. cxd5 {[%clk 0:03:02]} exd5 {[%clk 0:03:06]} 4. Nc3
{[%clk 0:03:03]} Be7 {[%clk 0:03:07]} 5. Bf4 {[%clk 0:03:02]} Nf6
{[%clk 0:03:08]} 6. Qc2 {[%clk 0:02:57]} c6 {[%clk 0:03:09]} 7. e3
{[%clk 0:02:58]} Nbd7 {[%clk 0:03:09]} 8. Bd3 {[%clk 0:02:58]} Nf8
{[%clk 0:03:10]} 9. Nge2 {[%clk 0:02:58]} Ne6 {[%clk 0:03:11]} 10. Bg3
{[%clk 0:02:59]} g6 {[%clk 0:03:13]} 11. O-O {[%clk 0:02:54]} Ng7
{[%clk 0:03:14]} 12. f3 {[%clk 0:02:52]} O-O {[%clk 0:03:15]} 13. Rae1
{[%clk 0:02:51]} Bd6 {[%clk 0:03:15]} 14. Bf2 {[%clk 0:02:25]} Qc7
{[%clk 0:03:08]} 15. h3 {[%clk 0:02:11]} Nfh5 {[%clk 0:02:53]} 16. e4
{[%clk 0:02:03]} dxe4 {[%clk 0:02:54]} 17. fxe4 {[%clk 0:02:04]} Bh2+
{[%clk 0:02:51]} 18. Kh1 {[%clk 0:02:03]} Ng3+ {[%clk 0:02:52]} 19. Nxg3
{[%clk 0:02:01]} Bxg3 {[%clk 0:02:52]} 20. e5 {[%clk 0:01:55]} Bxf2 21. Qxf2
{[%clk 0:01:45]} Bf5 {[%clk 0:02:45]} 22. Bxf5 {[%clk 0:01:38]} Nxf5
{[%clk 0:02:45]} 23. g4 {[%clk 0:01:02]} Ne7 {[%clk 0:02:44]} 24. Ne4
{[%clk 0:01:04]} Nd5 {[%clk 0:02:45]} 25. Qh4 {[%clk 0:01:02]} f5
{[%clk 0:02:35]} 26. gxf5 {[%clk 0:00:55]} gxf5 {[%clk 0:02:32]} 27. Nf6+
{[%clk 0:00:47]} Nxf6 {[%clk 0:02:33]} 28. exf6 {[%clk 0:00:49]} Rf7
{[%clk 0:02:20]} 29. Re7 {[%clk 0:00:34]} Rxe7 {[%clk 0:02:16]} 30. fxe7
{[%clk 0:00:35]} Qd7 {[%clk 0:02:09]} 31. Qf6 {[%clk 0:00:26]} *

[Event "15th Bangkok Chess Club Open Blitz 2015"]
[Site "Dusit Thani, Pattaya"]
[Date "2015.04.15"]
[Round "9.5"]
[White "Roy, Prantik"]
[Black "Dragun, Kamil"]
[Result "*"]
[BlackElo "2537"]
[WhiteElo "2308"]
[LiveChessVersion "1.4.5"]

1. e4 {[%clk 0:03:02]} c5 {[%clk 0:03:04]} 2. d4 {[%clk 0:03:03]} cxd4
{[%clk 0:03:05]} 3. c3 d3 {[%clk 0:03:05]} 4. Bxd3 {[%clk 0:03:05]} d6
{[%clk 0:03:06]} 5. c4 {[%clk 0:03:06]} Nf6 {[%clk 0:03:07]} 6. Nc3
{[%clk 0:03:07]} Nc6 {[%clk 0:03:08]} 7. h3 {[%clk 0:03:08]} g6 {[%clk 0:03:09]}
8. Nf3 {[%clk 0:03:09]} Bg7 {[%clk 0:03:10]} 9. O-O {[%clk 0:03:10]} O-O
{[%clk 0:03:11]} 10. Be3 {[%clk 0:03:12]} a6 {[%clk 0:03:09]} 11. Qe2
{[%clk 0:03:13]} Be6 {[%clk 0:03:09]} 12. Nd5 {[%clk 0:03:13]} Nd7
{[%clk 0:03:05]} 13. Rac1 {[%clk 0:03:08]} Rc8 {[%clk 0:03:01]} 14. a3
{[%clk 0:03:05]} Nce5 {[%clk 0:02:51]} 15. Nxe5 {[%clk 0:03:03]} Nxe5
{[%clk 0:02:51]} 16. b4 {[%clk 0:02:54]} Bxd5 {[%clk 0:02:45]} 17. exd5
{[%clk 0:02:45]} Nd7 {[%clk 0:02:11]} 18. Rfd1 {[%clk 0:02:28]} b6
{[%clk 0:02:12]} 19. Bb1 {[%clk 0:02:12]} a5 {[%clk 0:02:12]} 20. Bd4
{[%clk 0:02:11]} axb4 {[%clk 0:02:03]} 21. Bxg7 {[%clk 0:02:09]} Kxg7
{[%clk 0:02:04]} 22. axb4 {[%clk 0:02:10]} Ra8 {[%clk 0:02:05]} 23. Bd3
{[%clk 0:01:59]} Nf6 {[%clk 0:01:59]} 24. Qb2 {[%clk 0:01:53]} Qc7
{[%clk 0:01:53]} 25. g4 {[%clk 0:01:38]} Kg8 {[%clk 0:01:47]} 26. g5
{[%clk 0:01:36]} Nh5 {[%clk 0:01:48]} 27. Qd4 {[%clk 0:01:35]} Ra4
{[%clk 0:01:45]} 28. Rb1 {[%clk 0:01:19]} Rfa8 {[%clk 0:01:46]} 29. Be2
{[%clk 0:01:14]} Ng7 {[%clk 0:01:47]} 30. Bg4 {[%clk 0:01:15]} Ra3
{[%clk 0:01:49]} 31. Ra1 {[%clk 0:01:08]} R8a4 {[%clk 0:01:45]} 32. Rxa3
{[%clk 0:01:07]} Rxa3 {[%clk 0:01:46]} 33. Ra1 {[%clk 0:01:09]} Nf5
{[%clk 0:01:16]} 34. Bxf5 {[%clk 0:01:04]} Rxa1+ {[%clk 0:01:17]} 35. Qxa1
{[%clk 0:01:05]} gxf5 {[%clk 0:01:18]} 36. Qd4 {[%clk 0:00:48]} Qa7
{[%clk 0:01:19]} 37. Kg2 {[%clk 0:00:46]} Qa6 {[%clk 0:01:15]} 38. c5
{[%clk 0:00:33]} bxc5 {[%clk 0:01:13]} 39. bxc5 {[%clk 0:00:34]} dxc5
{[%clk 0:01:09]} 40. Qxc5 {[%clk 0:00:35]} Qb7 {[%clk 0:01:10]} 41. Kg3
{[%clk 0:00:35]} Kg7 {[%clk 0:01:07]} 42. h4 {[%clk 0:00:34]} Qb8+
{[%clk 0:00:57]} 43. f4 {[%clk 0:00:25]} Qb3+ {[%clk 0:00:58]} 44. Kg2
{[%clk 0:00:26]} Qb2+ {[%clk 0:00:54]} 45. Kf3 {[%clk 0:00:25]} Qb3+
{[%clk 0:00:55]} 46. Kf2 {[%clk 0:00:25]} Qb2+ {[%clk 0:00:56]} 47. Ke3
{[%clk 0:00:24]} Qb3+ {[%clk 0:00:57]} 48. Kf2 {[%clk 0:00:24]} Qb2+
{[%clk 0:00:58]} 49. Ke3 {[%clk 0:00:24]} Qb3+ {[%clk 0:00:59]} 50. Kf2
{[%clk 0:00:25]} Qb2+ {[%clk 0:01:00]} *

[Event "15th Bangkok Chess Club Open Blitz 2015"]
[Site "Dusit Thani, Pattaya"]
[Date "2015.04.15"]
[Round "9.6"]
[White "Gavilan, Arnulfo"]
[Black "Wang, Hao"]
[Result "*"]
[BlackElo "2705"]
[WhiteElo "2244"]
[LiveChessVersion "1.4.5"]

1. e4 {[%clk 0:03:02]} c5 {[%clk 0:03:03]} 2. Nf3 {[%clk 0:03:02]} Nc6
{[%clk 0:03:04]} 3. c3 {[%clk 0:03:01]} Nf6 {[%clk 0:03:03]} 4. e5
{[%clk 0:03:01]} Nd5 {[%clk 0:03:04]} 5. Bc4 {[%clk 0:03:00]} Nb6
{[%clk 0:03:03]} 6. Bb3 {[%clk 0:03:01]} d5 {[%clk 0:03:02]} 7. d4
{[%clk 0:03:01]} cxd4 {[%clk 0:02:59]} 8. cxd4 {[%clk 0:03:01]} Bg4
{[%clk 0:02:59]} 9. Be3 {[%clk 0:02:46]} e6 {[%clk 0:03:00]} 10. h3
{[%clk 0:02:44]} Bxf3 {[%clk 0:02:56]} 11. Qxf3 {[%clk 0:02:44]} Be7
{[%clk 0:02:55]} 12. Nc3 {[%clk 0:02:37]} O-O {[%clk 0:02:49]} 13. Rd1
{[%clk 0:02:32]} Rc8 {[%clk 0:02:46]} 14. Bc2 {[%clk 0:02:25]} Nc4
{[%clk 0:02:42]} 15. Bc1 {[%clk 0:02:26]} Qb6 {[%clk 0:02:40]} 16. b3
{[%clk 0:01:42]} Nxd4 {[%clk 0:02:30]} 17. Bxh7+ {[%clk 0:01:15]} Kxh7
{[%clk 0:02:30]} 18. Qd3+ {[%clk 0:01:16]} Kg8 {[%clk 0:02:31]} 19. bxc4
{[%clk 0:01:16]} Rxc4 {[%clk 0:02:29]} 20. Be3 {[%clk 0:01:14]} Rxc3
{[%clk 0:02:22]} 21. Qxd4 {[%clk 0:01:10]} Qxd4 {[%clk 0:02:06]} 22. Bxd4
{[%clk 0:01:10]} Ra3 {[%clk 0:02:06]} 23. Rb1 {[%clk 0:01:04]} b6
{[%clk 0:02:05]} 24. O-O {[%clk 0:00:58]} Rc8 {[%clk 0:02:06]} 25. Rfc1
{[%clk 0:00:52]} Rc4 {[%clk 0:02:05]} 26. Be3 {[%clk 0:00:40]} Rxa2
{[%clk 0:01:59]} 27. Ra1 {[%clk 0:00:41]} Rxa1 {[%clk 0:01:54]} 28. Rxa1
{[%clk 0:00:42]} d4 {[%clk 0:01:55]} 29. Bd2 {[%clk 0:00:36]} a5 {[%clk 0:01:56]}
30. Rb1 {[%clk 0:00:36]} Rc2 {[%clk 0:01:53]} 31. Bf4 {[%clk 0:00:35]} Bc5
{[%clk 0:01:53]} 32. Rb3 {[%clk 0:00:26]} a4 {[%clk 0:01:54]} 33. Rg3
{[%clk 0:00:26]} a3 {[%clk 0:01:54]} 34. Bh6 {[%clk 0:00:26]} g6 {[%clk 0:01:54]}
*

[Event "15th Bangkok Chess Club Open Blitz 2015"]
[Site "Dusit Thani, Pattaya"]
[Date "2015.04.15"]
[Round "10.1"]
[White "Hemant, Sharma"]
[Black "Roy, Prantik"]
[Result "*"]
[BlackElo "2308"]
[WhiteElo "2325"]
[LiveChessVersion "1.4.5"]

1. c4 {[%clk 0:03:02]} e6 {[%clk 0:03:04]} 2. g3 {[%clk 0:03:04]} d5
{[%clk 0:03:05]} 3. Nf3 {[%clk 0:03:05]} Nf6 {[%clk 0:03:06]} 4. b3
{[%clk 0:03:07]} c6 {[%clk 0:03:07]} 5. Bb2 {[%clk 0:03:08]} Bd6 {[%clk 0:03:09]}
6. Bg2 {[%clk 0:03:09]} Nbd7 7. O-O {[%clk 0:03:10]} O-O {[%clk 0:03:11]} 8. d3
{[%clk 0:03:11]} Qe7 {[%clk 0:03:11]} 9. Nbd2 Ba3 10. Bc3 {[%clk 0:03:13]} Bb4
{[%clk 0:03:12]} 11. Bb2 {[%clk 0:03:10]} a5 {[%clk 0:03:12]} 12. Rb1
{[%clk 0:03:11]} b6 {[%clk 0:03:09]} 13. Qc2 {[%clk 0:03:11]} Ba6
{[%clk 0:03:09]} 14. e4 {[%clk 0:03:12]} dxe4 {[%clk 0:03:04]} 15. Nxe4
{[%clk 0:03:13]} Nxe4 {[%clk 0:03:05]} 16. dxe4 {[%clk 0:03:14]} e5
{[%clk 0:03:00]} *

[Event "15th Bangkok Chess Club Open Blitz 2015"]
[Site "Dusit Thani, Pattaya"]
[Date "2015.04.15"]
[Round "10.2"]
[White "Laylo, Darwin"]
[Black "Grafil, Franz Robert"]
[Result "*"]
[BlackElo "2156"]
[WhiteElo "2465"]
[LiveChessVersion "1.4.5"]

1. d4 {[%clk 0:03:03]} Nf6 {[%clk 0:03:03]} 2. Nf3 {[%clk 0:03:02]} c5
{[%clk 0:03:04]} 3. d5 {[%clk 0:03:02]} e6 {[%clk 0:02:53]} 4. c4
{[%clk 0:03:03]} exd5 {[%clk 0:02:53]} 5. cxd5 {[%clk 0:03:03]} d6
{[%clk 0:02:55]} 6. Nc3 {[%clk 0:03:03]} g6 {[%clk 0:02:56]} 7. Bf4
{[%clk 0:02:57]} a6 {[%clk 0:02:49]} 8. Nd2 {[%clk 0:02:56]} b5 {[%clk 0:02:44]}
9. a4 {[%clk 0:02:57]} b4 {[%clk 0:02:44]} 10. Nce4 {[%clk 0:02:58]} Nxd5
{[%clk 0:02:25]} 11. Bg5 {[%clk 0:02:49]} f6 {[%clk 0:02:06]} 12. Nc4
{[%clk 0:02:42]} Be6 {[%clk 0:02:04]} 13. Bh4 {[%clk 0:02:37]} Nc6
{[%clk 0:01:53]} 14. Bg3 {[%clk 0:02:36]} Ne5 {[%clk 0:01:53]} 15. e3
{[%clk 0:02:33]} Be7 {[%clk 0:01:43]} 16. h4 {[%clk 0:02:16]} h6 {[%clk 0:01:21]}
17. Qc2 {[%clk 0:02:01]} Rg8 {[%clk 0:00:57]} 18. O-O-O {[%clk 0:01:57]} Qc7
{[%clk 0:00:55]} 19. Ncxd6+ {[%clk 0:01:40]} Bxd6 {[%clk 0:00:53]} 20. Rxd5
{[%clk 0:01:41]} Be7 {[%clk 0:00:32]} 21. Rd1 {[%clk 0:01:24]} Kf7
{[%clk 0:00:32]} 22. f4 {[%clk 0:01:23]} f5 {[%clk 0:00:19]} 23. fxe5
{[%clk 0:01:14]} fxe4 {[%clk 0:00:21]} 24. Bc4 {[%clk 0:01:15]} Qc6
{[%clk 0:00:15]} 25. Rhf1+ {[%clk 0:01:13]} Kg7 {[%clk 0:00:17]} 26. Rd6
{[%clk 0:01:02]} Bxd6 {[%clk 0:00:15]} 27. Bxe6 {[%clk 0:01:03]} Rgf8
{[%clk 0:00:06]} 28. Rd1 {[%clk 0:00:57]} Be7 {[%clk 0:00:06]} 29. Bd5
{[%clk 0:00:58]} Qb6 {[%clk 0:00:05]} 30. Bxa8 {[%clk 0:00:57]} Rxa8
{[%clk 0:00:06]} 31. Qxe4 {[%clk 0:00:57]} Rd8 {[%clk 0:00:06]} 32. h5
{[%clk 0:00:55]} Rxd1+ {[%clk 0:00:06]} 33. Kxd1 {[%clk 0:00:56]} gxh5
{[%clk 0:00:05]} 34. e6 {[%clk 0:00:56]} Qd8+ {[%clk 0:00:05]} 35. Kc2
{[%clk 0:00:56]} Bf6 {[%clk 0:00:06]} 36. Be5 {[%clk 0:00:53]} Qe7
{[%clk 0:00:05]} 37. Qf5 {[%clk 0:00:50]} c4 {[%clk 0:00:03]} 38. g4
{[%clk 0:00:44]} hxg4 39. Qxg4+ *